[Event "FICGS no engines 00 email"]
[Site "FICGS email"]
[Date "2010.11.14"]
[Round "1"]
[White "Clontz, Adam"]
[Black "Ignatyev, Vladimir"]
[Result "1-0"]
[WhiteElo "1567"]
[BlackElo "1417"]
[PlyCount "35"]
[EventDate "2010.??.??"]
[EventType "swiss (corr)"]
[EventRounds "1"]
[SourceTitle "Corr 2013"]
[Source "ChessBase"]
[SourceDate "2012.11.12"]
[SourceVersion "1"]
[SourceVersionDate "2012.11.12"]
[SourceQuality "1"]

1. e4 e5 2. Qh5 d6 3. Bc4 Qf6 4. Nc3 c6 5. a4 Be6 6. d3 Be7 7. Nf3 Bxc4 8. dxc4 Nd7 9. 0-0 g6 10. Qg5 Qe6 11. Qe3 Qxc4 12. Rd1 Ngf6 13. b3 Qa6 14. Ba3 c5 15. Nb5 Rc8 16. Nd2 Qb6 17. Nc4 Qc6 18. Nxa7 1-0

[Event "FICGS no engines 00 email"]
[Site "FICGS email"]
[Date "2010.11.14"]
[Round "1"]
[White "Ignatyev, Vladimir"]
[Black "Kepinski, Janusz"]
[Result "0-1"]
[WhiteElo "1501"]
[BlackElo "1846"]
[PlyCount "52"]
[EventDate "2010.??.??"]
[EventType "swiss (corr)"]
[EventRounds "1"]
[SourceTitle "Corr 2013"]
[Source "ChessBase"]
[SourceDate "2012.11.12"]
[SourceVersion "1"]
[SourceVersionDate "2012.11.12"]
[SourceQuality "1"]

1. e4 e6 2. f4 d5 3. e5 b6 4. d4 Ne7 5. Nf3 Ng6 6. Bd3 Ba6 7. Bxa6 Nxa6 8. c3 Qd7 9. Qd3 Nb8 10. h4 h5 11. Be3 Be7 12. Nbd2 0-0 13. g3 c5 14. 0-0 Nc6 15. a3 Rac8 16. Qe2 Rfe8 17. Ng5 cxd4 18. cxd4 Bxg5 19. hxg5 Nce7 20. Qxh5 Qb5 21. b4 Nf5 22. Bf2 Qd3 23. Nf3 Rc3 24. Kg2 Qe2 25. Rae1 Nfh4+ 26. Kh1 Qxf3+ 0-1

[Event "FICGS no engines 00 email"]
[Site "FICGS email"]
[Date "2010.11.14"]
[Round "1"]
[White "Satonnet, Patrick"]
[Black "Ignatyev, Vladimir"]
[Result "1-0"]
[WhiteElo "1722"]
[BlackElo "1501"]
[PlyCount "43"]
[EventDate "2010.??.??"]
[EventType "swiss (corr)"]
[EventRounds "1"]
[SourceTitle "Corr 2013"]
[Source "ChessBase"]
[SourceDate "2012.11.12"]
[SourceVersion "1"]
[SourceVersionDate "2012.11.12"]
[SourceQuality "1"]

1. e4 e5 2. Nf3 d6 3. g3 f5 4. d3 Be7 5. exf5 Bxf5 6. Bg2 c6 7. Nc3 h6 8. 0-0 Nf6 9. Nh4 Bh7 10. f4 exf4 11. gxf4 d5 12. f5 0-0 13. Bf4 Ne8 14. Ng6 Bxg6 15. fxg6 Nf6 16. Bh3 Bc5+ 17. d4 Bd6 18. Be5 Ne8 19. Rxf8+ Bxf8 20. Be6+ Kh8 21. Qd2 Nd7 22. Qxh6# 1-0

[Event "FICGS theme 0001 email"]
[Site "FICGS email"]
[Date "2010.09.18"]
[Round "1"]
[White "Cirulis, Ilmars"]
[Black "Ignatyev, Vladimir"]
[Result "1-0"]
[WhiteElo "1652"]
[BlackElo "1567"]
[PlyCount "25"]
[EventDate "2010.??.??"]
[EventType "swiss (corr)"]
[EventRounds "1"]
[SourceTitle "Corr 2013"]
[Source "ChessBase"]
[SourceDate "2012.11.12"]
[SourceVersion "1"]
[SourceVersionDate "2012.11.12"]
[SourceQuality "1"]

1. e4 e5 2. Nf3 Nc6 3. Bb5 Nf6 4. 0-0 Nd4 5. Nxd4 exd4 6. e5 Nd5 7. Qg4 c6 8. Qxd4 Qa5 9. Be2 Bc5 10. Qe4 0-0 11. d4 Be7 12. c4 f5 13. exf6 1-0

[Event "FICGS theme 0001 email"]
[Site "FICGS email"]
[Date "2010.09.18"]
[Round "1"]
[White "D'Ettorre, Rodolfo"]
[Black "Ignatyev, Vladimir"]
[Result "1-0"]
[WhiteElo "1978"]
[BlackElo "1501"]
[PlyCount "57"]
[EventDate "2010.??.??"]
[EventType "swiss (corr)"]
[EventRounds "1"]
[SourceTitle "Corr 2013"]
[Source "ChessBase"]
[SourceDate "2012.11.12"]
[SourceVersion "1"]
[SourceVersionDate "2012.11.12"]
[SourceQuality "1"]

1. e4 c5 2. Nf3 e6 3. d4 cxd4 4. Nxd4 Bc5 5. Be3 Ne7 6. Nb5 Bxe3 7. fxe3 0-0 8. Nd6 Ng6 9. Nc3 b6 10. Qh5 f6 11. 0-0-0 Ba6 12. Kb1 Bxf1 13. Rhxf1 Nc6 14. Rf3 Nge5 15. Rh3 h6 16. Rg3 Kh7 17. Ne2 Qe7 18. Nf4 g5 19. Nd5 Qg7 20. Nc7 a6 21. Nxa8 Rxa8 22. Rf1 Rf8 23. a4 Qe7 24. Rd1 Nf7 25. Nxf7 Rxf7 26. h4 Ne5 27. hxg5 fxg5 28. Rh3 Qf6 29. Rdh1 1-0

[Event "FICGS theme 0001 email"]
[Site "FICGS email"]
[Date "2010.09.18"]
[Round "1"]
[White "Eriksson, Joel"]
[Black "Ignatyev, Vladimir"]
[Result "0-1"]
[WhiteElo "1725"]
[BlackElo "1501"]
[PlyCount "34"]
[EventDate "2010.??.??"]
[EventType "swiss (corr)"]
[EventRounds "1"]
[SourceTitle "Corr 2013"]
[Source "ChessBase"]
[SourceDate "2012.11.12"]
[SourceVersion "1"]
[SourceVersionDate "2012.11.12"]
[SourceQuality "1"]

1. e4 Nf6 2. Nc3 e5 3. a3 d5 4. exd5 Nxd5 5. Qh5 Nxc3 6. Qxe5+ Qe7 7. Qxe7+ Bxe7 8. dxc3 Bf5 9. Bd3 Be6 10. Bf4 c6 11. Nf3 Nd7 12. Nd4 Bd5 13. 0-0 0-0 14. c4 c5 15. Nf5 Bf6 16. cxd5 b6 17. c3 a6 0-1

[Event "FICGS theme 0001 email"]
[Site "FICGS email"]
[Date "2010.09.18"]
[Round "1"]
[White "Ignatyev, Vladimir"]
[Black "Denchev, Stanimir"]
[Result "0-1"]
[WhiteElo "1501"]
[BlackElo "1611"]
[PlyCount "92"]
[EventDate "2010.??.??"]
[EventType "swiss (corr)"]
[EventRounds "1"]
[SourceTitle "Corr 2013"]
[Source "ChessBase"]
[SourceDate "2012.11.12"]
[SourceVersion "1"]
[SourceVersionDate "2012.11.12"]
[SourceQuality "1"]

1. e4 c5 2. Nf3 e6 3. d4 cxd4 4. Nxd4 Bc5 5. c3 d6 6. b4 Bb6 7. Be3 Nf6 8. f3 e5 9. Nc2 0-0 10. Nd2 d5 11. Bd3 dxe4 12. Nxe4 Nc6 13. 0-0 Nd5 14. Bxb6 Qxb6+ 15. Kh1 Bf5 16. Qe1 Nf4 17. Nf6+ gxf6 18. Bxf5 Ne7 19. Ne3 Kh8 20. g3 Nxf5 21. Nxf5 Ne6 22. Qe3 Qxe3 23. Nxe3 Rac8 24. Rac1 Rfd8 25. Rfd1 Rxd1+ 26. Nxd1 b5 27. Ne3 Nd4 28. c4 bxc4 29. Rxc4 Rxc4 30. Nxc4 Nxf3 31. b5 Nd4 32. a4 Kg8 33. Nd6 Nb3 34. Nc8 Nc5 35. a5 a6 36. b6 Nb7 37. Ne7+ Kf8 38. Nc6 Ke8 39. Nb4 Nxa5 40. Nxa6 Nb7 41. Kg2 Kd7 42. Nb8+ Kd6 43. Kf3 f5 44. h4 Nc5 45. Ke3 Nd7 46. Nxd7 Kxd7 0-1

[Event "FICGS theme 0001 email"]
[Site "FICGS email"]
[Date "2010.09.18"]
[Round "1"]
[White "Parmet, Daniel Edward"]
[Black "Ignatyev, Vladimir"]
[Result "1-0"]
[WhiteElo "1983"]
[BlackElo "1501"]
[PlyCount "39"]
[EventDate "2010.??.??"]
[EventType "swiss (corr)"]
[EventRounds "1"]
[SourceTitle "Corr 2013"]
[Source "ChessBase"]
[SourceDate "2012.11.12"]
[SourceVersion "1"]
[SourceVersionDate "2012.11.12"]
[SourceQuality "1"]

1. e4 Nf6 2. e5 Nd5 3. c4 Nb6 4. d4 d6 5. f4 f6 6. Nf3 dxe5 7. fxe5 Bg4 8. exf6 exf6 9. c5 Nd5 10. Bc4 Qe7+ 11. Kf2 c6 12. Re1 Be6 13. Qb3 Kf7 14. Rxe6 Kxe6 15. Bxd5+ cxd5 16. Nc3 Qd7 17. Bf4 Nc6 18. Nxd5 Na5 19. Ng5+ Kf5 20. Qd3+ 1-0

[Event "FICGS unrated 00000 email"]
[Site "FICGS email"]
[Date "2010.06.20"]
[Round "1"]
[White "Ignatyev, Vladimir"]
[Black "Ellis, Maurice"]
[Result "1-0"]
[WhiteElo "1567"]
[BlackElo "1844"]
[PlyCount "33"]
[EventDate "2010.??.??"]
[EventType "swiss (corr)"]
[EventRounds "1"]
[SourceTitle "Corr 2013"]
[Source "ChessBase"]
[SourceDate "2012.11.12"]
[SourceVersion "1"]
[SourceVersionDate "2012.11.12"]
[SourceQuality "1"]

1. e4 e6 2. f4 Nc6 3. d4 d5 4. e5 Nh6 5. c3 Ne7 6. Bd3 Bd7 7. Nf3 c5 8. Be3 Qb6 9. Qc2 c4 10. Be2 Nef5 11. Bf2 Ng4 12. Qd2 Be7 13. Bg1 Rc8 14. h3 Ng3 15. hxg4 Nxh1 16. Bh2 h5 17. g5 1-0

[Event "FICGS unrated 00000 email"]
[Site "FICGS email"]
[Date "2010.06.20"]
[Round "1"]
[White "Ignatyev, Vladimir"]
[Black "Perevozchikov, Viacheslav"]
[Result "0-1"]
[WhiteElo "1501"]
[BlackElo "2031"]
[PlyCount "24"]
[EventDate "2010.??.??"]
[EventType "swiss (corr)"]
[EventRounds "1"]
[SourceTitle "Corr 2013"]
[Source "ChessBase"]
[SourceDate "2012.11.12"]
[SourceVersion "1"]
[SourceVersionDate "2012.11.12"]
[SourceQuality "1"]

1. e4 b6 2. d4 Bb7 3. Bd3 f5 4. f3 e6 5. exf5 Qh4+ 6. g3 Qxd4 7. fxe6 Nc6 8. exd7+ Qxd7 9. Ne2 Ne5 10. Be4 Qxd1+ 11. Kxd1 0-0-0+ 12. Ke1 Nxf3+ 0-1

[Event "FICGS rapid D 000041 email"]
[Site "FICGS email"]
[Date "2010.05.26"]
[Round "1"]
[White "Ignatyev, Vladimir"]
[Black "Davis, Mark"]
[Result "0-1"]
[WhiteElo "1417"]
[BlackElo "1406"]
[PlyCount "32"]
[EventDate "2010.??.??"]
[EventType "tourn (rapid)"]
[EventRounds "6"]
[SourceTitle "Corr 2013"]
[Source "ChessBase"]
[SourceDate "2012.11.12"]
[SourceVersion "1"]
[SourceVersionDate "2012.11.12"]
[SourceQuality "1"]

1. e4 e5 2. f4 d6 3. Nf3 Nc6 4. Bc4 Nf6 5. d3 Bg4 6. 0-0 Be7 7. fxe5 Nxe5 8. Bb3 0-0 9. Nbd2 Nc6 10. c3 Re8 11. d4 Na5 12. Bc2 Nc6 13. h3 Bh5 14. g4 Bg6 15. Re1 h6 16. Nh4 Bh7 0-1

[Event "FICGS rapid D 000041 email"]
[Site "FICGS email"]
[Date "2010.05.26"]
[Round "1"]
[White "Ignatyev, Vladimir"]
[Black "Leurette, Marc Antoine"]
[Result "0-1"]
[WhiteElo "1417"]
[BlackElo "1421"]
[PlyCount "40"]
[EventDate "2010.??.??"]
[EventType "tourn (rapid)"]
[EventRounds "6"]
[SourceTitle "Corr 2013"]
[Source "ChessBase"]
[SourceDate "2012.11.12"]
[SourceVersion "1"]
[SourceVersionDate "2012.11.12"]
[SourceQuality "1"]

1. e4 e5 2. f4 exf4 3. Nf3 Nf6 4. e5 Nd5 5. c4 Nb4 6. a3 N4c6 7. d4 d6 8. Bxf4 dxe5 9. Nxe5 Qxd4 10. Qe2 Be6 11. Nxc6 Nxc6 12. Bxc7 Qd7 13. Bf4 Bd6 14. Bxd6 Qxd6 15. Nc3 0-0 16. Qd3 Rad8 17. Qxd6 Rxd6 18. Rd1 Rfd8 19. Rxd6 Rxd6 20. b4 Nd4 0-1

[Event "FICGS rapid D 000041 email"]
[Site "FICGS email"]
[Date "2010.05.26"]
[Round "1"]
[White "Ignatyev, Vladimir"]
[Black "Roncagliolo, Marco"]
[Result "0-1"]
[WhiteElo "1417"]
[BlackElo "1492"]
[PlyCount "42"]
[EventDate "2010.??.??"]
[EventType "tourn (rapid)"]
[EventRounds "6"]
[SourceTitle "Corr 2013"]
[Source "ChessBase"]
[SourceDate "2012.11.12"]
[SourceVersion "1"]
[SourceVersionDate "2012.11.12"]
[SourceQuality "1"]

1. e4 e5 2. f4 exf4 3. Nf3 d6 4. Bc4 h6 5. h4 Nc6 6. d4 Nf6 7. Nc3 Bg4 8. Bxf4 Be7 9. Bg3 0-0 10. 0-0 Na5 11. Bd3 Nh5 12. Bf2 Nf4 13. g3 Nxd3 14. Qxd3 Nc6 15. Nh2 Bd7 16. Be3 Nb4 17. Qd2 Nc6 18. Nd5 f5 19. exf5 Bxf5 20. Nxe7+ Nxe7 21. g4 Be4 0-1

[Event "FICGS class D 000148 email"]
[Site "FICGS email"]
[Date "2010.05.14"]
[Round "1"]
[White "Ignatyev, Vladimir"]
[Black "Natal Gomes, Marcos Antonio"]
[Result "0-1"]
[WhiteElo "1417"]
[BlackElo "1485"]
[PlyCount "54"]
[EventDate "2010.??.??"]
[EventType "tourn (corr)"]
[EventRounds "5"]
[SourceTitle "Corr 2013"]
[Source "ChessBase"]
[SourceDate "2012.11.12"]
[SourceVersion "1"]
[SourceVersionDate "2012.11.12"]
[SourceQuality "1"]

1. e4 e5 2. f4 Bc5 3. Nf3 d6 4. c3 Bg4 5. d4 exd4 6. cxd4 Bxf3 7. gxf3 Qh4+ 8. Ke2 Bb6 9. Be3 Nf6 10. Nc3 Nc6 11. Qe1 Qh5 12. Qf2 0-0-0 13. d5 Nd4+ 14. Bxd4 Rde8 15. Kd3 Bxd4 16. Kxd4 c5+ 17. Kc4 Kd7 18. h4 a6 19. a4 Rb8 20. b4 b6 21. Qg3 Qg6 22. Bh3+ Kc7 23. Rhg1 Nh5 24. Qxg6 hxg6 25. f5 Nf4 26. Bf1 Rxh4 27. fxg6 Nxg6 0-1

[Event "FICGS rapid C 000083 email"]
[Site "FICGS email"]
[Date "2010.03.25"]
[Round "1"]
[White "Ignatyev, Vladimir"]
[Black "Flores, Luis"]
[Result "0-1"]
[WhiteElo "1567"]
[BlackElo "1515"]
[PlyCount "38"]
[EventDate "2010.??.??"]
[EventType "tourn (rapid)"]
[EventRounds "1"]
[SourceTitle "Corr 2013"]
[Source "ChessBase"]
[SourceDate "2012.11.12"]
[SourceVersion "1"]
[SourceVersionDate "2012.11.12"]
[SourceQuality "1"]

1. e4 c5 2. f4 Nc6 3. c3 d5 4. e5 Nh6 5. Bd3 g5 6. fxg5 Ng4 7. Nf3 c4 8. Bc2 Bg7 9. d4 cxd3 10. Qxd3 Qb6 11. Bf4 Qxb2 12. h3 Qxa1 13. hxg4 Qxa2 14. Rxh7 Rxh7 15. Qxh7 Kf8 16. Qd3 Bxg4 17. g6 Qc4 18. gxf7 Qxf4 19. e6 Bxe6 0-1

[Event "FICGS rapid C 000083 email"]
[Site "FICGS email"]
[Date "2010.03.25"]
[Round "1"]
[White "Ignatyev, Vladimir"]
[Black "Oraha, Zaki"]
[Result "1-0"]
[WhiteElo "1567"]
[BlackElo "1643"]
[PlyCount "37"]
[EventDate "2010.??.??"]
[EventType "tourn (rapid)"]
[EventRounds "1"]
[SourceTitle "Corr 2013"]
[Source "ChessBase"]
[SourceDate "2012.11.12"]
[SourceVersion "1"]
[SourceVersionDate "2012.11.12"]
[SourceQuality "1"]

1. e4 e5 2. f4 exf4 3. Nf3 d5 4. exd5 Nf6 5. c4 c6 6. dxc6 Nxc6 7. d4 Bd6 8. Be2 0-0 9. 0-0 Bg4 10. d5 Bxf3 11. Rxf3 Ne5 12. Rxf4 Qb6+ 13. Kh1 Rac8 14. b3 Ng6 15. Rf1 Be5 16. Nc3 Bxc3 17. Rb1 Rfe8 18. Bb2 Ne4 19. Bf3 1-0

[Event "FICGS class D 000143 email"]
[Site "FICGS email"]
[Date "2010.03.03"]
[Round "1"]
[White "Ignatyev, Vladimir"]
[Black "Leurette, Marc Antoine"]
[Result "1/2-1/2"]
[WhiteElo "1567"]
[BlackElo "1412"]
[PlyCount "112"]
[EventDate "2010.??.??"]
[EventType "tourn (corr)"]
[EventRounds "6"]
[SourceTitle "Corr 2013"]
[Source "ChessBase"]
[SourceDate "2012.11.12"]
[SourceVersion "1"]
[SourceVersionDate "2012.11.12"]
[SourceQuality "1"]

1. e4 e5 2. f4 d6 3. Nf3 Nc6 4. d4 exd4 5. Nxd4 Nxd4 6. Qxd4 Qf6 7. Qb4 c6 8. Bd3 d5 9. Qc3 dxe4 10. Bxe4 Qxc3+ 11. Nxc3 Bd6 12. 0-0 Bc5+ 13. Kh1 Nf6 14. Bf3 0-0 15. Ne4 Nxe4 16. Bxe4 Be6 17. f5 Bc4 18. Rf3 Rad8 19. Bf4 Rfe8 20. Bd3 Bxd3 21. Rxd3 Rxd3 22. cxd3 Bf2 23. a4 Bd4 24. Rb1 a6 25. Bd2 b5 26. axb5 axb5 27. Bc3 Bxc3 28. bxc3 Rd8 29. d4 f6 30. Re1 Rd5 31. g4 Kf7 32. Kg2 c5 33. dxc5 Rxc5 34. Rb1 g6 35. fxg6+ hxg6 36. h4 Kg7 37. Rb3 f5 38. Kg3 Kf6 39. Ra3 Ke5 40. h5 gxh5 41. gxh5 Kf6 42. h6 Kg6 43. h7 Kxh7 44. Kf4 Kg6 45. Ra6+ Kf7 46. Kg5 Ke7 47. Kf4 Kd7 48. Rf6 Rxc3 49. Kxf5 b4 50. Ke4 b3 51. Rb6 Kc7 52. Rb4 Kc6 53. Kd4 Rf3 54. Kc4 Rf4+ 55. Kxb3 Rxb4+ 56. Kxb4 Kd5 1/2-1/2

[Event "FICGS theme 0001 email"]
[Site "FICGS email"]
[Date "2010.03.01"]
[Round "1"]
[White "Parmet, Daniel"]
[Black "Ignatyev, Vladimir"]
[Result "1-0"]
[WhiteElo "2001"]
[BlackElo "1567"]
[PlyCount "39"]
[EventDate "2010.??.??"]
[EventType "swiss (corr)"]
[EventRounds "1"]
[SourceTitle "Corr 2024"]
[Source "ChessBase"]
[SourceDate "2023.10.19"]
[SourceVersion "1"]
[SourceVersionDate "2023.10.19"]
[SourceQuality "1"]

1. e4 e5 2. Nf3 Nc6 3. Bb5 Nf6 4. 0-0 Nd4 5. Nxd4 exd4 6. e5 Nd5 7. Qg4 c5 8. d3 Nc7 9. Bg5 Be7 10. Bxe7 Qxe7 11. Qxg7 Rf8 12. a4 h5 13. Nd2 a6 14. Bc4 Ne6 15. Qh6 Qg5 16. Qxg5 Nxg5 17. f4 Ne6 18. f5 Ng7 19. Ne4 Kd8 20. Nxc5 1-0

[Event "FICGS class D 000142 email"]
[Site "FICGS email"]
[Date "2010.02.13"]
[Round "1"]
[White "Ignatyev, Vladimir"]
[Black "Makosiej, Wladyslaw"]
[Result "1-0"]
[WhiteElo "1501"]
[BlackElo "1534"]
[PlyCount "29"]
[EventDate "2010.??.??"]
[EventType "tourn (corr)"]
[EventRounds "6"]
[SourceTitle "Corr 2013"]
[Source "ChessBase"]
[SourceDate "2012.11.12"]
[SourceVersion "1"]
[SourceVersionDate "2012.11.12"]
[SourceQuality "1"]

1. e4 e6 2. f4 d5 3. e5 c5 4. c3 Nc6 5. Bd3 f5 6. exf6 Nxf6 7. Nf3 Bd6 8. g3 0-0 9. 0-0 c4 10. Bc2 Bc5+ 11. Kg2 Bd7 12. d3 Ng4 13. d4 Be7 14. h3 Nh6 15. g4 1-0

[Event "FICGS rapid C 000081 email"]
[Site "FICGS email"]
[Date "2010.01.21"]
[Round "1"]
[White "Ignatyev, Vladimir"]
[Black "Cirovic, Zeljko"]
[Result "1-0"]
[WhiteElo "1501"]
[BlackElo "1623"]
[PlyCount "49"]
[EventDate "2010.??.??"]
[EventType "tourn (rapid)"]
[EventRounds "5"]
[SourceTitle "Corr 2013"]
[Source "ChessBase"]
[SourceDate "2012.11.12"]
[SourceVersion "1"]
[SourceVersionDate "2012.11.12"]
[SourceQuality "1"]

1. e4 e5 2. f4 exf4 3. Nf3 d5 4. exd5 Qxd5 5. Nc3 Qd8 6. d4 Bg4 7. Bxf4 Bxf3 8. Qxf3 c6 9. 0-0-0 Be7 10. Bc4 Nf6 11. d5 cxd5 12. Nxd5 Nbd7 13. Nxe7 Qxe7 14. Rhe1 Qxe1 15. Rxe1+ Kd8 16. Bxf7 Rf8 17. Be6 Rc8 18. g4 Re8 19. g5 Ng8 20. Qd5 Re7 21. Rd1 Rc5 22. Qxc5 h6 23. Bxg8 b6 24. Qc7+ Ke8 25. Qc8# 1-0

[Event "FICGS class D 000140 email"]
[Site "FICGS email"]
[Date "2010.01.15"]
[Round "1"]
[White "Ignatyev, Vladimir"]
[Black "Jacobs, Francois"]
[Result "1-0"]
[WhiteElo "1501"]
[BlackElo "1534"]
[PlyCount "27"]
[EventDate "2010.??.??"]
[EventType "tourn (corr)"]
[EventRounds "6"]
[SourceTitle "Corr 2013"]
[Source "ChessBase"]
[SourceDate "2012.11.12"]
[SourceVersion "1"]
[SourceVersionDate "2012.11.12"]
[SourceQuality "1"]

1. e4 c5 2. f4 e6 3. c3 Nc6 4. Bd3 d6 5. Bc2 Nf6 6. Nf3 Qc7 7. 0-0 g6 8. a3 Bg7 9. h3 0-0 10. g4 h6 11. d3 Bd7 12. Be3 Qd8 13. b4 b6 14. d4 1-0

[Event "FICGS class B 000096 email"]
[Site "FICGS email"]
[Date "2010.01.03"]
[Round "1"]
[White "Ignatyev, Vladimir"]
[Black "Piantadosi, Angelo"]
[Result "0-1"]
[WhiteElo "1501"]
[BlackElo "1771"]
[PlyCount "82"]
[EventDate "2010.??.??"]
[EventType "tourn (corr)"]
[EventRounds "5"]
[SourceTitle "Corr 2013"]
[Source "ChessBase"]
[SourceDate "2012.11.12"]
[SourceVersion "1"]
[SourceVersionDate "2012.11.12"]
[SourceQuality "1"]

1. e4 e5 2. f4 exf4 3. Nf3 d5 4. exd5 Nf6 5. c4 c6 6. dxc6 Nxc6 7. d4 Bg4 8. d5 Bxf3 9. gxf3 Qe7+ 10. Qe2 Nd4 11. Qxe7+ Bxe7 12. Bd3 Nxf3+ 13. Kf2 Ne5 14. Be2 Bc5+ 15. Kg2 f3+ 16. Bxf3 Nxc4 17. Nc3 0-0 18. b3 Ne5 19. Ne4 Nxe4 20. Bxe4 Rfe8 21. Bb2 Ng4 22. Kf3 Nf2 23. Rhe1 Nxe4 24. Rxe4 Rxe4 25. Kxe4 Re8+ 26. Kd3 f6 27. Bd4 Bxd4 28. Kxd4 Kf7 29. Rc1 Re2 30. Rc7+ Kg6 31. d6 Rd2+ 32. Kc5 f5 33. Rxb7 f4 34. Rb8 Kf7 35. Rb7+ Kf6 36. Re7 f3 37. Re1 f2 38. Rf1 Ke6 39. a4 Rc2+ 40. Kd4 Kxd6 41. Ke3 Kc5 0-1